Composition française finale coupe du monde 2018 - Statistiques

Statistiques générales
  • Ce quiz a été pris 37 fois
  • Le résultat moyen est 10 sur 11
Statistiques - réponses
Poste Joueurs % Correct
Milieu offensif Antoine Griezmann
100%
Gardien de but Hugo Lloris
100%
Allier droit Kilian Mbappé
100%
Milieu défensif N'Golo Kanté
97%
Avant centre Olivier Giroud
97%
Défenseur droit Benjamin Pavard
94%
Milieu central Paul Pogba
94%
Défenseur central Raphaël Varane
94%
Défenseur central Samuel Umtiti
94%
Défenseur gauche Lucas Hernandez
92%
Allier gauche Blaise Matuidi
83%
Aucun quiz correspondant
Distribution des résultats
% des personnes avec chaque résultat
Percentile par nombre de réponses
Votre historique - résultats
Vous n’avez pas pris ce quiz